Valtioita osittaisten lippujen mukaan #3 - Statistics

Yleistilastot
  • Tätä visaa on pelattu 1 035 kertaa
  • Keskiarvotulos 13 / 16
Vastaustilastot
Kuvavisa Vastaus % Oikein
Jamaika
98%
Ranska
97%
Sveitsi
97%
Albania
95%
Saudi-Arabia
94%
Japani
90%
Kazakstan
88%
Espanja
85%
Intia
82%
Sri Lanka
80%
Georgia
77%
Filippiinit
75%
Egypti
74%
Pohjois-Korea
72%
Haiti
42%
Singapore
41%
Ehtoja vastaavia visoja ei löytynyt
Tulosjakauma
Jokaisen tuloksen saaneiden osuus
Persentiili vastausten määrän mukaan
Tuloshistoriasi
Et ole pelannut tätä visaa